Statistics for Modern-day countries that were part of the Mongol Empire

Click here to take the quiz!

General Stats

  • This quiz has been taken 48 times
  • The average score is 26 of 28

Answer Stats

Answer% Correct
Belarus
98%
India
98%
Iraq
98%
Mongolia
98%
Russia
98%
Tajikistan
98%
Turkey
98%
Uzbekistan
98%
Afghanistan
96%
Armenia
96%
Azerbaijan
96%
China
96%
Iran
96%
Kyrgyzstan
96%
Turkmenistan
96%
Ukraine
96%
Georgia
93%
Kazakhstan
93%
Moldova
93%
North Korea
93%
Pakistan
93%
Romania
93%
Laos
91%
South Korea
91%
Syria
91%
Vietnam
91%
Poland
87%
Myanmar
80%

Score Distribution

Percentile by Number Answered

Percent of People with Each Score

Your Score History

You have not taken this quiz